[Event "Lippe Cup 02nd"]
[Site "Lieme"]
[Date "2005.10.09"]
[Round "4"]
[White "Roselius, Christian"]
[Black "Stahl, Bodo"]
[Result "1-0"]
[WhiteElo "1367"]
[BlackElo "1273"]
[PlyCount "72"]
[EventDate "2005.10.07"]
[EventType "swiss"]
[EventRounds "5"]
[EventCountry "GER"]
[SourceTitle "EXT 2012"]
[Source "ChessBase"]
[SourceDate "2011.11.24"]
[SourceVersion "1"]
[SourceVersionDate "2011.11.24"]
[SourceQuality "1"]

1. e4 e5 2. Nf3 d6 3. Bc4 f6 4. Nc3 Ne7 5. d4 exd4 6. Nxd4 Nbc6 7. Nf3 Bg4 8. Bf4 Qd7 9. 0-0 0-0-0 10. Re1 Ng6 11. Bg3 h5 12. h3 Bxf3 13. Qxf3 Nge5 14. Bxe5 fxe5 15. Qe3 Nd4 16. Rad1 Kb8 17. Bb3 Nxb3 18. axb3 b6 19. Ra1 c6 20. Red1 Qc7 21. b4 Rd7 22. b5 c5 23. Nd5 Qb7 24. Ra6 Rf7 25. Rda1 Qc8 26. Nxb6 Qb7 27. Nd5 Qxb5 28. Nc3 Qc4 29. R6a4 Qe6 30. Qd3 Rb7 31. Nb5 Qd7 32. Ra5 Be7 33. Qc4 Rc8 34. Qa4 Rc6 35. Rxa7 Rxa7 36. Nxa7 Rb6 1-0

[Event "Lippe Cup 02nd"]
[Site "Lieme"]
[Date "2005.10.08"]
[Round "2"]
[White "Karsunke, Marvin"]
[Black "Stahl, Bodo"]
[Result "1-0"]
[WhiteElo "1449"]
[BlackElo "1273"]
[PlyCount "57"]
[EventDate "2005.10.07"]
[EventType "swiss"]
[EventRounds "5"]
[EventCountry "GER"]
[SourceTitle "EXT 2012"]
[Source "ChessBase"]
[SourceDate "2011.11.24"]
[SourceVersion "1"]
[SourceVersionDate "2011.11.24"]
[SourceQuality "1"]

1. e4 c5 2. Nc3 a6 3. g3 Nc6 4. Bg2 d6 5. d3 Qc7 6. Be3 Be6 7. Nge2 f6 8. 0-0 g5 9. f4 g4 10. f5 Bf7 11. Nf4 h5 12. Ncd5 Bxd5 13. Nxd5 Qd8 14. c3 b6 15. a3 Bh6 16. Bf4 Bxf4 17. Nxf4 Qd7 18. Qb3 Qb7 19. Ng6 Rh6 20. Qxg8+ Kd7 21. Qe6+ Ke8 22. Rad1 Ne5 23. Nxe5 dxe5 24. d4 Qd7 25. Qxd7+ Kxd7 26. dxc5+ Kc6 27. cxb6 Kxb6 28. Rf2 Rc8 29. Rfd2 1-0

[Event "Lippe Cup 02nd"]
[Site "Lieme"]
[Date "2005.10.08"]
[Round "3"]
[White "Stahl, Bodo"]
[Black "Luckmann, Jan Pierre"]
[Result "1-0"]
[WhiteElo "1273"]
[BlackElo "911"]
[PlyCount "121"]
[EventDate "2005.10.07"]
[EventType "swiss"]
[EventRounds "5"]
[EventCountry "GER"]
[SourceTitle "EXT 2012"]
[Source "ChessBase"]
[SourceDate "2011.11.24"]
[SourceVersion "1"]
[SourceVersionDate "2011.11.24"]
[SourceQuality "1"]

1. d4 d5 2. Nf3 Bf5 3. e3 e6 4. Bd3 Bxd3 5. Qxd3 Nc6 6. Qb5 a6 7. Qxb7 Nb4 8. Kd2 Rb8 9. Qa7 Ne7 10. Qc5 Rb6 11. a3 Nec6 12. Qc3 a5 13. Ke2 Qc8 14. axb4 Qa6+ 15. Kd1 Bxb4 16. Qd3 Qxd3+ 17. cxd3 0-0 18. Bd2 Rfb8 19. Nc3 Bxc3 20. Bxc3 Nb4 21. Kd2 Nc6 22. Ra2 Nb4 23. Bxb4 Rxb4 24. Rb1 a4 25. Kc2 Rc8 26. Ne5 c5 27. dxc5 Rxc5+ 28. Kd2 d4 29. Nc4 Rf5 30. Ke2 e5 31. e4 Rh5 32. h3 Rg5 33. g3 Rh5 34. h4 f5 35. Nxe5 fxe4 36. Ng4 exd3+ 37. Kxd3 Rb3+ 38. Kd2 Rhb5 39. Nh2 Rf5 40. f3 Kf7 41. Re1 Rfb5 42. Ng4 Rxb2+ 43. Rxb2 Rxb2+ 44. Kd3 Rb3+ 45. Kxd4 Rxf3 46. Ne5+ Kf6 47. Nxf3 a3 48. Ke4 Ke6 49. Ng5+ Kd6 50. Nxh7 Kc5 51. Rb1 Kc4 52. Ng5 Kc3 53. h5 a2 54. Ra1 Kb2 55. Rxa2+ Kxa2 56. Ne6 g5 57. Nxg5 Kb3 58. h6 Kc2 59. h7 Kd2 60. h8Q Ke2 61. Qh5+ 1-0

[Event "Lippe Cup 01st"]
[Site "Lieme"]
[Date "2004.10.24"]
[Round "4"]
[White "Stahl, Bodo"]
[Black "Maron, Alexander"]
[Result "0-1"]
[WhiteElo "1252"]
[BlackElo "1223"]
[PlyCount "106"]
[EventDate "2004.10.22"]
[EventType "swiss"]
[EventRounds "5"]
[EventCountry "GER"]
[SourceTitle "EXT 2012"]
[Source "ChessBase"]
[SourceDate "2011.11.24"]
[SourceVersion "1"]
[SourceVersionDate "2011.11.24"]
[SourceQuality "1"]

1. d4 e6 2. c4 Nf6 3. Nf3 h6 4. Nc3 b6 5. e4 Bb4 6. Bd3 Bb7 7. 0-0 Bxc3 8. bxc3 Bxe4 9. Bxe4 Nxe4 10. Qd3 Nf6 11. d5 0-0 12. Bf4 Re8 13. d6 cxd6 14. Bxd6 Nc6 15. Rae1 Rc8 16. Ne5 Nxe5 17. Rxe5 Rc6 18. c5 Ng4 19. Re4 Nf6 20. Re5 Qc8 21. cxb6 axb6 22. Bb4 Qc7 23. Re2 Nd5 24. g3 Nxc3 25. Bxc3 Rxc3 26. Qb5 Rc1 27. Rxc1 Qxc1+ 28. Kg2 Qc6+ 29. Qxc6 dxc6 30. Rd2 c5 31. Rd6 Rb8 32. Rc6 Kf8 33. Rc7 Ke8 34. Kf1 Ra8 35. Rb7 Rxa2 36. Rxb6 c4 37. Rb7 c3 38. Rb1 Rb2 39. Rc1 c2 40. Ke2 Ke7 41. Kd2 Kf6 42. Rxc2 Rxc2+ 43. Kxc2 Kf5 44. Kd3 Kg4 45. f4 Kh3 46. Kc4 Kxh2 47. g4 Kg3 48. f5 Kxg4 49. fxe6 fxe6 50. Kc5 h5 51. Kd6 h4 52. Kxe6 h3 53. Kf7 h2 0-1

[Event "Lippe Cup 01st"]
[Site "Lieme"]
[Date "2004.10.22"]
[Round "1"]
[White "Kaesemann, Holger"]
[Black "Stahl, Bodo"]
[Result "1-0"]
[WhiteElo "1612"]
[BlackElo "1252"]
[PlyCount "57"]
[EventDate "2004.10.22"]
[EventType "swiss"]
[EventRounds "5"]
[EventCountry "GER"]
[SourceTitle "EXT 2012"]
[Source "ChessBase"]
[SourceDate "2011.11.24"]
[SourceVersion "1"]
[SourceVersionDate "2011.11.24"]
[SourceQuality "1"]

1. Nf3 d5 2. c4 c6 3. g3 Nf6 4. Bg2 e6 5. 0-0 Nbd7 6. b3 Bd6 7. Bb2 0-0 8. d3 a6 9. Nbd2 b5 10. Qc2 Bb7 11. Rac1 c5 12. d4 Rc8 13. Qb1 h6 14. dxc5 Bxc5 15. cxd5 Bxd5 16. Rfd1 Qb6 17. e3 Qb7 18. Ne1 Bxg2 19. Nxg2 Ng4 20. Ne4 Bb6 21. Rxc8 Rxc8 22. h3 Ngf6 23. Nd6 Qf3 24. Nxc8 Ne4 25. Qc2 Nxg3 26. fxg3 Bxe3+ 27. Nxe3 Qxe3+ 28. Qf2 Qxf2+ 29. Kxf2 1-0